[Event "Kampala Kantinti Memorial op"]
[Site "Kampala"]
[Date "2020.02.14"]
[Round "1"]
[White "Bibasa, Bob Gilbert"]
[Black "Eculo, Isaac"]
[Result "1-0"]
[WhiteElo "2102"]
[BlackElo "1573"]
[PlyCount "47"]
[EventDate "2020.02.14"]
[EventType "swiss"]
[EventRounds "7"]
[EventCountry "UGA"]
[SourceTitle "EXT 2021"]
[Source "ChessBase"]
[SourceDate "2020.10.23"]
[SourceVersion "1"]
[SourceVersionDate "2020.10.23"]
[SourceQuality "1"]

1. e4 d6 2. d4 Nf6 3. Nc3 g6 4. h4 Bg7 5. Be2 c6 6. h5 h6 7. hxg6 fxg6 8. Nf3 Bg4 9. e5 Nfd7 10. exd6 exd6 11. Bd3 Qe7+ 12. Be3 Nf8 13. Qe2 Nbd7 14. 0-0-0 0-0-0 15. Rde1 Nf6 16. Qd2 Qf7 17. Bxh6 Bxf3 18. gxf3 Bxh6 19. Rxh6 Rg8 20. b3 Nd5 21. Nxd5 Qxd5 22. Bc4 Qxf3 23. Bxg8 Kc7 24. Qe3 1-0

[Event "Kampala Kantinti Memorial op"]
[Site "Kampala"]
[Date "2020.02.14"]
[Round "2"]
[White "Mugisha, Ivan Jalagatha"]
[Black "Bibasa, Bob Gilbert"]
[Result "0-1"]
[WhiteElo "1783"]
[BlackElo "2102"]
[PlyCount "74"]
[EventDate "2020.02.14"]
[EventType "swiss"]
[EventRounds "7"]
[EventCountry "UGA"]
[SourceTitle "EXT 2021"]
[Source "ChessBase"]
[SourceDate "2020.10.23"]
[SourceVersion "1"]
[SourceVersionDate "2020.10.23"]
[SourceQuality "1"]

1. e4 Nc6 2. Nf3 e5 3. Bc4 Bc5 4. 0-0 d6 5. h3 Nf6 6. d3 Be6 7. Bxe6 fxe6 8. c3 0-0 9. Qb3 Qc8 10. Be3 Bb6 11. Nbd2 d5 12. Bxb6 axb6 13. Rfe1 d4 14. Nc4 Nd7 15. Ng5 Nc5 16. Qc2 h6 17. Nf3 Nd7 18. b4 b5 19. Nb2 Qe8 20. Nh2 Qf7 21. f3 Nf6 22. a3 Nh5 23. c4 bxc4 24. Nxc4 Nf4 25. b5 Na7 26. Nxe5 Qh5 27. Nd7 Rf7 28. Nc5 Nxb5 29. Kh1 b6 30. Na4 Qg5 31. Ra2 Kh7 32. Rb1 Nd6 33. Nb2 b5 34. a4 b4 35. Nc4 Nxc4 36. Qxc4 c5 37. h4 Qxh4 0-1

[Event "Kampala Rwabushenyi Memorial"]
[Site "Kampala"]
[Date "2019.11.28"]
[Round "1"]
[White "Bibasa, Bob Gilbert"]
[Black "Pido, Edwin"]
[Result "1-0"]
[WhiteElo "2058"]
[BlackElo "1215"]
[PlyCount "36"]
[EventDate "2019.11.28"]
[EventType "swiss"]
[EventRounds "8"]
[EventCountry "UGA"]
[SourceTitle "EXT 2021"]
[Source "ChessBase"]
[SourceDate "2020.10.23"]
[SourceVersion "1"]
[SourceVersionDate "2020.10.23"]
[SourceQuality "1"]

1. e4 e6 2. Qe2 Nf6 3. g3 b6 4. Bg2 Bb7 5. d3 Be7 6. f4 c5 7. Nf3 d5 8. e5 Nfd7 9. 0-0 Nc6 10. c4 d4 11. Nbd2 Qc8 12. Ne4 f6 13. exf6 Nxf6 14. Neg5 Nd8 15. Re1 0-0 16. Nxe6 Nxe6 17. Qxe6+ Qxe6 18. Rxe6 Rae8 1-0

[Event "UGA-chT"]
[Site "Kampala"]
[Date "2019.07.14"]
[Round "2.2"]
[White "Ntumwa, Calvin"]
[Black "Bibasa, Bob Gilbert"]
[Result "0-1"]
[WhiteElo "1392"]
[BlackElo "2163"]
[PlyCount "21"]
[EventDate "2019.07.14"]
[EventType "team-swiss"]
[EventRounds "14"]
[EventCountry "UGA"]
[SourceTitle "CBM 195 Extra"]
[Source "ChessBase"]
[SourceDate "2020.05.31"]
[SourceVersion "1"]
[SourceVersionDate "2020.05.31"]
[SourceQuality "1"]
[WhiteTeam "Decoda CC"]
[BlackTeam "Dmark CC"]
[WhiteTeamCountry "UGA"]
[BlackTeamCountry "UGA"]

1. d4 Nf6 2. c4 g6 3. g3 Bg7 4. Bg2 c6 5. e3 0-0 6. Ne2 d5 7. c5 Nbd7 8. 0-0 e5 9. Bd2 Re8 10. Re1 b5 11. a4 0-1

[Event "Mombasa zt 4.2"]
[Site "Mombasa"]
[Date "2019.05.09"]
[Round "7"]
[White "Bibasa, Bob Gilbert"]
[Black "Adly, Ahmed"]
[Result "1/2-1/2"]
[WhiteElo "2122"]
[BlackElo "2618"]
[PlyCount "61"]
[EventDate "2019.05.05"]
[EventType "swiss"]
[EventRounds "9"]
[EventCountry "KEN"]
[SourceTitle "CBM 190 Extra"]
[Source "ChessBase"]
[SourceDate "2019.07.15"]
[SourceVersion "1"]
[SourceVersionDate "2019.07.15"]
[SourceQuality "1"]

1. e4 c5 2. Nf3 Nf6 3. Nc3 d6 4. Bb5+ Nfd7 5. a4 a6 6. Bc4 e6 7. 0-0 Nc6 8. d4 cxd4 9. Nxd4 Nde5 10. Bb3 Bd7 11. f4 Nxd4 12. Qxd4 Nc6 13. Qf2 Be7 14. Be3 0-0 15. Rfd1 Kh8 16. Rd2 Qe8 17. Bb6 f5 18. Re1 Rc8 19. exf5 Rxf5 20. Rxe6 Bxe6 21. Bxe6 Bd8 22. Re2 Bxb6 23. Qxb6 Rf8 24. Bxc8 Qxc8 25. g3 h6 26. Qe3 Qf5 27. Kg2 d5 28. Qd3 Qxd3 29. cxd3 d4 30. Ne4 Nb4 31. Nf2 1/2-1/2

[Event "Mombasa zt 4.2"]
[Site "Mombasa"]
[Date "2019.05.08"]
[Round "6"]
[White "Bibasa, Bob Gilbert"]
[Black "Atif Mahgoub, Elhassan"]
[Result "1-0"]
[WhiteElo "2122"]
[BlackElo "1947"]
[PlyCount "89"]
[EventDate "2019.05.05"]
[EventType "swiss"]
[EventRounds "9"]
[EventCountry "KEN"]
[SourceTitle "CBM 190 Extra"]
[Source "ChessBase"]
[SourceDate "2019.07.15"]
[SourceVersion "1"]
[SourceVersionDate "2019.07.15"]
[SourceQuality "1"]

1. e4 d6 2. d4 c6 3. c4 Nf6 4. Nc3 Qa5 5. Bd3 e5 6. Nge2 Bg4 7. f3 Bh5 8. Be3 Nbd7 9. 0-0 Be7 10. Qd2 Qc7 11. Rac1 0-0 12. a3 Rad8 13. d5 c5 14. b4 Bg6 15. Rb1 b6 16. Rfc1 Rb8 17. Nb5 Qb7 18. Bc2 a6 19. Nbc3 Qc7 20. Ba4 Rbc8 21. Bc6 Nb8 22. bxc5 dxc5 23. Ba4 Rfd8 24. Rb2 Nbd7 25. Bc2 Ne8 26. g4 Nd6 27. Bd3 Rb8 28. Rcb1 Rdc8 29. Ng3 Qd8 30. Kh1 Kh8 31. a4 Bf8 32. Rg1 Nf6 33. Qg2 b5 34. axb5 axb5 35. cxb5 Qa5 36. Bd2 c4 37. Be2 Nxb5 38. Rgb1 Qa3 39. Rxb5 Rxb5 40. Nxb5 Qa2 41. Rd1 Qb3 42. Nc3 Bb4 43. Rc1 Qb2 44. Bd1 Ra8 45. Rb1 1-0

[Event "Mombasa zt 4.2"]
[Site "Mombasa"]
[Date "2019.05.06"]
[Round "3"]
[White "Bibasa, Bob Gilbert"]
[Black "Hesham, Abdelrahman"]
[Result "0-1"]
[WhiteElo "2122"]
[BlackElo "2421"]
[PlyCount "67"]
[EventDate "2019.05.05"]
[EventType "swiss"]
[EventRounds "9"]
[EventCountry "KEN"]
[SourceTitle "CBM 190 Extra"]
[Source "ChessBase"]
[SourceDate "2019.07.15"]
[SourceVersion "1"]
[SourceVersionDate "2019.07.15"]
[SourceQuality "1"]

1. e4 c5 2. Nf3 d6 3. c3 Nf6 4. Bd3 Nc6 5. Bc2 Bg4 6. h3 Bh5 7. d3 e6 8. Nbd2 Be7 9. Nf1 d5 10. Qe2 Qa5 11. g4 Bg6 12. Ng3 h5 13. g5 Nd7 14. h4 Qa6 15. 0-0 f6 16. Re1 0-0-0 17. exd5 exd5 18. Bf4 fxg5 19. Nxg5 Bxg5 20. Bxg5 Rde8 21. Qf3 c4 22. Qxd5 cxd3 23. Bb3 Nce5 24. Qg2 Rhf8 25. Bd5 Nf6 26. Bxf6 Rxf6 27. Rad1 Qb6 28. Rd2 Nf3+ 29. Bxf3 Rxe1+ 30. Kh2 Rf4 31. Qh3+ Kc7 32. Kg2 Qf6 33. Nxh5 Rxf3 34. Nxf6 0-1

[Event "Kampala Zabasajja Memorial op"]
[Site "Kampala"]
[Date "2019.03.08"]
[Round "3.3"]
[White "Bibasa, Bob Gilbert"]
[Black "Kikonyogo, John"]
[Result "1-0"]
[WhiteElo "2110"]
[BlackElo "1854"]
[PlyCount "57"]
[EventDate "2019.03.07"]
[EventType "swiss"]
[EventRounds "8"]
[EventCountry "UGA"]
[SourceTitle "EXT 2024"]
[Source "ChessBase"]
[SourceDate "2023.10.10"]
[SourceVersion "1"]
[SourceVersionDate "2023.10.10"]
[SourceQuality "1"]

1. e4 d6 2. d4 c6 3. c4 Nf6 4. Nc3 Qa5 5. f3 e5 6. Nge2 Be7 7. Be3 0-0 8. Qd2 Be6 9. d5 cxd5 10. cxd5 Bd7 11. Nc1 a6 12. a3 Ne8 13. Bd3 f5 14. Qf2 Qd8 15. Bb6 Qc8 16. Nb3 fxe4 17. Nxe4 Bf5 18. Rc1 Qd7 19. 0-0 Bd8 20. Rc3 Bxe4 21. Bxe4 Nf6 22. Nd2 Ng4 23. fxg4 Rxf2 24. Bxf2 Qxg4 25. h3 Qd7 26. Bf3 Nc6 27. dxc6 bxc6 28. Bxc6 Qc8 29. Bd5+ 1-0

[Event "Kampala Zabasajja Memorial op"]
[Site "Kampala"]
[Date "2019.03.08"]
[Round "4.3"]
[White "Kafuko, Paul"]
[Black "Bibasa, Bob Gilbert"]
[Result "0-1"]
[WhiteElo "2046"]
[BlackElo "2110"]
[PlyCount "72"]
[EventDate "2019.03.07"]
[EventType "swiss"]
[EventRounds "8"]
[EventCountry "UGA"]
[SourceTitle "EXT 2024"]
[Source "ChessBase"]
[SourceDate "2023.10.10"]
[SourceVersion "1"]
[SourceVersionDate "2023.10.10"]
[SourceQuality "1"]

1. e4 Nc6 2. Nf3 d6 3. h3 e5 4. Bc4 Be7 5. d4 Nf6 6. Nc3 a6 7. a4 0-0 8. 0-0 h6 9. Be3 Re8 10. Qe2 Bf8 11. dxe5 Nxe5 12. Nxe5 dxe5 13. Rad1 Bd6 14. Bc5 Qe7 15. Bxd6 cxd6 16. Rd2 Be6 17. Rfd1 Red8 18. Nd5 Bxd5 19. Bxd5 Rac8 20. Bb3 Rc6 21. Rd3 g6 22. Kh2 Kg7 23. Rf1 Rc5 24. Rfd1 Rc6 25. Rf3 Rc5 26. Rfd3 Rc6 27. Rf3 Rb6 28. Rc3 Rb4 29. Re3 Qc7 30. g3 Qc5 31. f3 Rd4 32. Red3 Rxd3 33. Rxd3 Qb6 34. Kg2 Nd7 35. Rc3 Nc5 36. Qc4 Rd7 0-1

[Event "Kampala Zabasajja Memorial op"]
[Site "Kampala"]
[Date "2019.03.07"]
[Round "2.5"]
[White "Kalugo, George William"]
[Black "Bibasa, Bob Gilbert"]
[Result "0-1"]
[WhiteElo "1770"]
[BlackElo "2110"]
[PlyCount "84"]
[EventDate "2019.03.07"]
[EventType "swiss"]
[EventRounds "8"]
[EventCountry "UGA"]
[SourceTitle "EXT 2024"]
[Source "ChessBase"]
[SourceDate "2023.10.10"]
[SourceVersion "1"]
[SourceVersionDate "2023.10.10"]
[SourceQuality "1"]

1. d4 f5 2. Bf4 Nf6 3. Nc3 e6 4. e3 Bb4 5. Bd3 0-0 6. a3 Bxc3+ 7. bxc3 Nd5 8. Ne2 d6 9. Bg3 Kh8 10. 0-0 Nd7 11. e4 N5b6 12. f4 d5 13. e5 Nb8 14. Qe1 Bd7 15. Bh4 Qe8 16. Rf3 Nc6 17. Rh3 Qc8 18. Qg3 Be8 19. Bg5 Bg6 20. Bd8 Kg8 21. Bg5 a6 22. Rf1 Qd7 23. Nc1 Nc4 24. Bxc4 dxc4 25. Ne2 Ne7 26. Qe3 Nd5 27. Qc1 a5 28. Bh4 Bh5 29. Kf2 Bxe2 30. Kxe2 Qc6 31. Rhf3 b5 32. h3 b4 33. axb4 axb4 34. cxb4 c3 35. g4 Ra2 36. Be1 Qa4 37. Qd1 Rxc2+ 38. Kd3 Nxb4+ 39. Ke3 Nd5+ 40. Kd3 Rb8 41. gxf5 Qa6+ 42. Ke4 Re2+ 0-1

[Event "Kampala Kireka op 3rd"]
[Site "Kampala"]
[Date "2018.12.29"]
[Round "6"]
[White "Bibasa, Bob Gilbert"]
[Black "Sanya, Derrick Mbabazi"]
[Result "1-0"]
[WhiteElo "2109"]
[BlackElo "1843"]
[PlyCount "77"]
[EventDate "2018.12.27"]
[EventType "swiss"]
[EventRounds "8"]
[EventCountry "UGA"]
[SourceTitle "CBM 188 Extra"]
[Source "ChessBase"]
[SourceDate "2019.02.26"]
[SourceVersion "1"]
[SourceVersionDate "2019.02.26"]
[SourceQuality "1"]

1. e4 d5 2. exd5 Qxd5 3. Nc3 Qa5 4. d4 c6 5. Nf3 Nf6 6. Be2 Bf5 7. 0-0 e6 8. Bf4 Bb4 9. Ne5 0-0 10. Nc4 Qd8 11. a3 Be7 12. g4 Bg6 13. Bg3 Ne4 14. Nxe4 Bxe4 15. f3 Bd5 16. Ne3 c5 17. Nxd5 Qxd5 18. dxc5 Bxc5+ 19. Kg2 Rd8 20. Qxd5 Rxd5 21. Rad1 Nc6 22. Rxd5 exd5 23. Rd1 Rd8 24. b4 Be3 25. c3 f6 26. f4 g5 27. fxg5 fxg5 28. Bf3 d4 29. b5 Ne7 30. cxd4 Rxd4 31. Rxd4 Bxd4 32. Bxb7 Kf7 33. Kf3 Ke6 34. Ke4 Bg1 35. a4 h6 36. a5 Bc5 37. Bb8 Bb4 38. b6 axb6 39. a6 1-0

[Event "Kampala Kireka op 3rd"]
[Site "Kampala"]
[Date "2018.12.28"]
[Round "4"]
[White "Mugisha, Ivan Jalagatha"]
[Black "Bibasa, Bob Gilbert"]
[Result "0-1"]
[WhiteElo "1837"]
[BlackElo "2109"]
[PlyCount "60"]
[EventDate "2018.12.27"]
[EventType "swiss"]
[EventRounds "8"]
[EventCountry "UGA"]
[SourceTitle "CBM 188 Extra"]
[Source "ChessBase"]
[SourceDate "2019.02.26"]
[SourceVersion "1"]
[SourceVersionDate "2019.02.26"]
[SourceQuality "1"]

1. c4 e5 2. g3 Nf6 3. Bg2 d6 4. Nc3 Be7 5. d3 0-0 6. Nf3 c5 7. Bg5 Nc6 8. 0-0 h6 9. Bxf6 Bxf6 10. Nd5 Be6 11. Nxf6+ Qxf6 12. Nd2 Qe7 13. b3 Rad8 14. h3 Qd7 15. Kh2 d5 16. cxd5 Bxd5 17. Ne4 b6 18. Rc1 f5 19. Nd2 Bxg2 20. Kxg2 e4 21. Rc3 Nb4 22. a3 Nd5 23. Rc1 Nf6 24. Rc3 f4 25. Qc1 Nd5 26. Nxe4 Nxc3 27. Nxc3 f3+ 28. exf3 Qxd3 29. Qd1 a6 30. Qxd3 Rxd3 0-1

[Event "Kampala Kireka op 3rd"]
[Site "Kampala"]
[Date "2018.12.27"]
[Round "1"]
[White "Bibasa, Bob Gilbert"]
[Black "Nsubuga, Aldrine Snr"]
[Result "1-0"]
[WhiteElo "2109"]
[BlackElo "1323"]
[PlyCount "82"]
[EventDate "2018.12.27"]
[EventType "swiss"]
[EventRounds "8"]
[EventCountry "UGA"]
[SourceTitle "CBM 188 Extra"]
[Source "ChessBase"]
[SourceDate "2019.02.26"]
[SourceVersion "1"]
[SourceVersionDate "2019.02.26"]
[SourceQuality "1"]

1. e4 c6 2. d4 d5 3. Nc3 e6 4. a3 h6 5. Nf3 Nd7 6. exd5 exd5 7. Bd3 Ngf6 8. Bf4 Be7 9. 0-0 0-0 10. Re1 Re8 11. h3 Nb6 12. Ne5 Be6 13. Qf3 Nh7 14. Ng4 Bxg4 15. Qxg4 Nf6 16. Qf3 Nc4 17. Rab1 b5 18. Ne2 a5 19. a4 b4 20. Bxc4 dxc4 21. Qxc6 Rc8 22. Qf3 Nd5 23. Be5 Bf6 24. Ng3 Bxe5 25. dxe5 Ne7 26. Rbd1 Qb6 27. Rd6 Rc6 28. Qe3 Rb8 29. Qxb6 Rbxb6 30. f4 Ng6 31. Nf5 Rxd6 32. exd6 Rb8 33. d7 Kf8 34. Nd6 Ne7 35. Nxc4 Rd8 36. Rd1 Nc6 37. Rd6 Nb8 38. Nxa5 Ke7 39. Rd4 Rxd7 40. Rxb4 Rd1+ 41. Kh2 Kf6 1-0

[Event "UGA olympic qual"]
[Site "Kampala"]
[Date "2018.04.21"]
[Round "1"]
[White "Bibasa, Bob Gilbert"]
[Black "Waira, Ibrahim"]
[Result "1-0"]
[WhiteElo "2129"]
[BlackElo "1908"]
[PlyCount "44"]
[EventDate "2018.04.21"]
[EventType "tourn"]
[EventRounds "13"]
[EventCountry "UGA"]
[SourceTitle "EXT 2019"]
[Source "ChessBase"]
[SourceDate "2018.10.10"]
[SourceVersion "1"]
[SourceVersionDate "2018.10.10"]
[SourceQuality "1"]

1. d4 Nf6 2. Nc3 d5 3. Bg5 Nbd7 4. e3 e6 5. a3 c5 6. Nf3 Be7 7. Bb5 0-0 8. 0-0 a6 9. Bxd7 Nxd7 10. Bxe7 Qxe7 11. Nd2 Qh4 12. f4 cxd4 13. exd4 Nf6 14. g3 Qh3 15. Nf3 Ng4 16. Qe2 h6 17. Nd1 Bd7 18. Nf2 Bb5 19. Qxb5 Nxf2 20. c3 Rac8 21. Rae1 Rc7 22. Rxf2 h5 1-0

[Event "Kampala Kawuma op"]
[Site "Kampala"]
[Date "2018.03.11"]
[Round "8"]
[White "Bibasa, Bob Gilbert"]
[Black "Kalema, Rogers"]
[Result "1-0"]
[WhiteElo "2132"]
[BlackElo "1841"]
[PlyCount "84"]
[EventDate "2018.03.08"]
[EventType "swiss"]
[EventRounds "8"]
[EventCountry "UGA"]
[SourceTitle "EXT 2019"]
[Source "ChessBase"]
[SourceDate "2018.10.10"]
[SourceVersion "1"]
[SourceVersionDate "2018.10.10"]
[SourceQuality "1"]

1. d4 d5 2. Nc3 Bf5 3. h4 h5 4. Bf4 e6 5. e3 Nf6 6. Bd3 Bxd3 7. Qxd3 a6 8. e4 dxe4 9. Nxe4 Nc6 10. Nf3 Nxe4 11. Qxe4 Bd6 12. Bg5 Be7 13. 0-0-0 Qd5 14. Qxd5 exd5 15. Rhe1 f6 16. Bf4 Kd7 17. Re3 Rae8 18. Rde1 Bd6 19. Bxd6 Rxe3 20. Rxe3 Kxd6 21. Kd2 Ne7 22. b3 b5 23. c3 Nf5 24. Re2 Kd7 25. g3 Re8 26. Rxe8 Kxe8 27. Kd3 Kd7 28. c4 c6 29. c5 Nh6 30. a4 Ng4 31. Ke2 Ke6 32. Ne1 bxa4 33. bxa4 a5 34. Nc2 g5 35. Na1 gxh4 36. gxh4 Nh6 37. Nb3 Nf5 38. Nxa5 Nxd4+ 39. Kd3 Nf5 40. Nxc6 Nxh4 41. a5 Kd7 42. Nb4 Nf5 1-0

[Event "Kampala Kawuma op"]
[Site "Kampala"]
[Date "2018.03.09"]
[Round "3"]
[White "Bibasa, Bob Gilbert"]
[Black "Byaruhanga, Jonah"]
[Result "1-0"]
[WhiteElo "2132"]
[BlackElo "1712"]
[PlyCount "85"]
[EventDate "2018.03.08"]
[EventType "swiss"]
[EventRounds "8"]
[EventCountry "UGA"]
[SourceTitle "EXT 2019"]
[Source "ChessBase"]
[SourceDate "2018.10.10"]
[SourceVersion "1"]
[SourceVersionDate "2018.10.10"]
[SourceQuality "1"]

1. e4 e5 2. Bc4 Bc5 3. c3 Nf6 4. d4 exd4 5. e5 Qe7 6. cxd4 Bb4+ 7. Bd2 d5 8. Qa4+ Nc6 9. Bb5 Bxd2+ 10. Nxd2 Bd7 11. Ne2 Ng4 12. h3 Nh6 13. 0-0-0 a6 14. g4 0-0 15. Bxc6 bxc6 16. f4 Rfb8 17. Qc2 Rb5 18. Kb1 Rab8 19. b3 a5 20. Ka1 c5 21. Nc3 cxd4 22. Nxb5 Bxb5 23. Rc1 c6 24. Qc5 Qb7 25. Qxd4 Ra8 26. a4 Be2 27. Rhe1 Qa6 28. Rc5 Rb8 29. Qe3 Bd3 30. e6 Be4 31. Nxe4 dxe4 32. Qxe4 fxe6 33. Rxc6 Qa7 34. g5 Nf7 35. Qxe6 g6 36. Qc4 Qd7 37. f5 Rf8 38. fxg6 hxg6 39. Rxg6+ Kh7 40. Qe4 Nxg5 41. Rxg5+ Kh8 42. Rh5+ Kg8 43. Rg1+ 1-0

[Event "Kampala Kawuma op"]
[Site "Kampala"]
[Date "2018.03.08"]
[Round "2"]
[White "Kimera, Innocent"]
[Black "Bibasa, Bob Gilbert"]
[Result "1-0"]
[WhiteElo "1818"]
[BlackElo "2132"]
[PlyCount "125"]
[EventDate "2018.03.08"]
[EventType "swiss"]
[EventRounds "8"]
[EventCountry "UGA"]
[SourceTitle "EXT 2019"]
[Source "ChessBase"]
[SourceDate "2018.10.10"]
[SourceVersion "1"]
[SourceVersionDate "2018.10.10"]
[SourceQuality "1"]

1. d4 Nf6 2. c4 e5 3. dxe5 Ng4 4. Bf4 Nc6 5. Nf3 Bb4+ 6. Nc3 Qe7 7. Qd5 Bxc3+ 8. bxc3 f6 9. exf6 Nxf6 10. Qd3 d6 11. Bg5 0-0 12. e3 h6 13. Bh4 Be6 14. Be2 Qf7 15. Bxf6 Qxf6 16. 0-0 Rae8 17. Nd4 Ne5 18. Qe4 Bc8 19. Rac1 g6 20. f3 Kh7 21. Qd5 Nd7 22. Nc2 Qxc3 23. Qd3 Qe5 24. e4 Qb2 25. Qb3 Qe5 26. Rcd1 Qa5 27. a3 Ne5 28. Rd5 Qb6+ 29. Qxb6 axb6 30. Rfd1 Be6 31. R5d4 Ra8 32. Rb1 Ra4 33. c5 Rxd4 34. Nxd4 Ba2 35. Rb2 bxc5 36. Nc2 Be6 37. Rxb7 Rf7 38. Ne3 Kg7 39. a4 g5 40. h3 c6 41. Rxf7+ Kxf7 42. a5 Bc8 43. a6 Ke6 44. a7 Bb7 45. Ba6 Ba8 46. Bc8+ Ke7 47. Nf5+ Kd8 48. Be6 Kc7 49. Nxh6 d5 50. Nf7 Nxf7 51. Bxf7 Kd6 52. Kf2 Ke5 53. Bg6 Kd4 54. g3 c4 55. Ke2 Kc3 56. e5 d4 57. e6 d3+ 58. Kd1 Kb2 59. Bxd3 cxd3 60. e7 c5 61. e8Q Bxf3+ 62. Kd2 c4 63. Qb5+ 1-0

[Event "Kireka op"]
[Site "Kireka"]
[Date "2017.12.31"]
[Round "7"]
[White "Kawuma, Patrick"]
[Black "Bibasa, Bob Gilbert"]
[Result "1-0"]
[WhiteElo "2330"]
[BlackElo "2127"]
[PlyCount "97"]
[EventDate "2017.12.28"]
[EventType "swiss"]
[EventRounds "8"]
[EventCountry "UGA"]
[SourceTitle "EXT 2019"]
[Source "ChessBase"]
[SourceDate "2018.10.10"]
[SourceVersion "1"]
[SourceVersionDate "2018.10.10"]
[SourceQuality "1"]

1. Nf3 Nf6 2. c4 g6 3. Nc3 Bg7 4. d4 0-0 5. g3 d6 6. Bg2 c6 7. 0-0 Qc7 8. Bf4 h6 9. c5 Nh5 10. cxd6 exd6 11. Bd2 Kh7 12. e4 Bg4 13. h3 Bxf3 14. Bxf3 Nf6 15. Rc1 Qd7 16. Bg2 Na6 17. Be3 Nc7 18. Qb3 d5 19. e5 Ng8 20. Na4 Ne6 21. Qd3 f6 22. exf6 Nxf6 23. b4 b6 24. Nc3 Rad8 25. Rfd1 Qd6 26. b5 cxb5 27. Nxb5 Qd7 28. Rc2 Rc8 29. Rdc1 Rxc2 30. Rxc2 a6 31. Nc3 b5 32. h4 h5 33. Bg5 Ng4 34. Nxd5 Bxd4 35. Be3 Bg7 36. Be4 Qf7 37. Nf4 Nxf4 38. Bxf4 Nf6 39. Rc7 Qe8 40. Bd6 Rg8 41. Re7 Nxe4 42. Rxe8 Rxe8 43. Bb4 Re5 44. Kg2 Nf6 45. Bc3 Rf5 46. f3 Nd5 47. Bxg7 Kxg7 48. Qd4+ Kh6 49. Qh8# 1-0

[Event "Kireka op"]
[Site "Kireka"]
[Date "2017.12.29"]
[Round "4"]
[White "Bibasa, Bob Gilbert"]
[Black "Wanyama, Harold"]
[Result "0-1"]
[WhiteElo "2127"]
[BlackElo "2249"]
[PlyCount "70"]
[EventDate "2017.12.28"]
[EventType "swiss"]
[EventRounds "8"]
[EventCountry "UGA"]
[SourceTitle "EXT 2019"]
[Source "ChessBase"]
[SourceDate "2018.10.10"]
[SourceVersion "1"]
[SourceVersionDate "2018.10.10"]
[SourceQuality "1"]

1. e4 c5 2. Nf3 e6 3. c3 Nf6 4. e5 Nd5 5. d4 cxd4 6. cxd4 d6 7. exd6 Bxd6 8. Nc3 Nxc3 9. bxc3 0-0 10. Bd3 Nd7 11. 0-0 e5 12. Qc2 h6 13. Re1 exd4 14. cxd4 Nf6 15. h3 Be6 16. Be3 Bd5 17. Ne5 Re8 18. Qb2 Rc8 19. Bf5 Rc7 20. Bd2 Rce7 21. f4 b6 22. a3 Bb7 23. Rad1 Nd5 24. Bb1 Rc7 25. Ba2 Qh4 26. Bxd5 Bxd5 27. Qb5 Rd8 28. Qxd5 Bc5 29. Qb3 Rxd4 30. Kh1 Rxd2 31. Nf3 Rxd1 32. Nxh4 Rxe1+ 33. Kh2 Bg1+ 34. Kh1 Bf2+ 35. Kh2 Bxh4 0-1

[Event "Kampala Rwabushenyi Memorial"]
[Site "Kampala"]
[Date "2017.12.02"]
[Round "6"]
[White "Kamoga, Rajab"]
[Black "Bibasa, Bob Gilbert"]
[Result "0-1"]
[WhiteElo "2090"]
[BlackElo "2123"]
[PlyCount "62"]
[EventDate "2017.11.30"]
[EventType "swiss"]
[EventRounds "8"]
[EventCountry "UGA"]
[SourceTitle "EXT 2019"]
[Source "ChessBase"]
[SourceDate "2018.10.10"]
[SourceVersion "1"]
[SourceVersionDate "2018.10.10"]
[SourceQuality "1"]

1. d4 f5 2. e4 fxe4 3. Nc3 Nf6 4. Bg5 g6 5. h4 d5 6. h5 Bg7 7. hxg6 hxg6 8. Rxh8+ Bxh8 9. Qd2 c6 10. f3 exf3 11. Bd3 Bf5 12. Bxf5 gxf5 13. Nxf3 Nbd7 14. Bxf6 Bxf6 15. Qh6 Nf8 16. Qh5+ Kd7 17. Qxf5+ Kc7 18. 0-0-0 Qd7 19. Qf4+ Qd6 20. Qf5 Ne6 21. Ne5 Nxd4 22. Rxd4 Qxe5 23. Qxe5+ Bxe5 24. Rg4 Bxc3 25. bxc3 Rf8 26. Rg7 Kd6 27. g4 b5 28. g5 a5 29. Rg6+ e6 30. Rg7 b4 31. cxb4 axb4 0-1

[Event "Kampala Rwabushenyi Memorial"]
[Site "Kampala"]
[Date "2017.12.01"]
[Round "3"]
[White "Waira, Ibrahim"]
[Black "Bibasa, Bob Gilbert"]
[Result "1/2-1/2"]
[WhiteElo "1850"]
[BlackElo "2123"]
[PlyCount "90"]
[EventDate "2017.11.30"]
[EventType "swiss"]
[EventRounds "8"]
[EventCountry "UGA"]
[SourceTitle "EXT 2019"]
[Source "ChessBase"]
[SourceDate "2018.10.10"]
[SourceVersion "1"]
[SourceVersionDate "2018.10.10"]
[SourceQuality "1"]

1. e4 Nc6 2. Nf3 d6 3. Bb5 e5 4. c3 a6 5. Ba4 Nf6 6. d3 Be7 7. 0-0 0-0 8. Bg5 b5 9. Bc2 h6 10. Bh4 Bg4 11. h3 Bh5 12. Nbd2 g5 13. Bg3 Bg6 14. Re1 Nh5 15. Nf1 Bf6 16. Qd2 Bg7 17. Bh2 Nf4 18. Ne3 Ne7 19. d4 Bh5 20. Bxf4 gxf4 21. Nf5 Nxf5 22. exf5 Bxf3 23. gxf3 Qf6 24. d5 Kh8 25. Kh2 Rg8 26. Rg1 h5 27. Rg2 Bh6 28. Rag1 Rg5 29. Qd3 Rxg2+ 30. Rxg2 Bg5 31. Qf1 Rb8 32. a4 Qh6 33. f6 Bxf6 34. Qd3 Rg8 35. Rxg8+ Kxg8 36. axb5 axb5 37. Qxb5 Kg7 38. Qd7 Bh4 39. Kg2 Qg5+ 40. Kf1 Qd8 41. Qf5 Qh8 42. c4 Bf6 43. b3 Bh4 44. c5 Bf6 45. c6 Qb8 1/2-1/2

[Event "UGA-ch op"]
[Site "Kampala"]
[Date "2017.11.12"]
[Round "8"]
[White "Bibasa, Bob Gilbert"]
[Black "Mwaka, Emmanuel"]
[Result "0-1"]
[WhiteElo "2123"]
[BlackElo "2044"]
[PlyCount "69"]
[EventDate "2017.11.09"]
[EventType "swiss"]
[EventRounds "8"]
[EventCountry "UGA"]
[SourceTitle "EXT 2019"]
[Source "ChessBase"]
[SourceDate "2018.10.10"]
[SourceVersion "1"]
[SourceVersionDate "2018.10.10"]
[SourceQuality "1"]

1. e4 c5 2. Nf3 d6 3. c3 Nf6 4. Bd3 Nbd7 5. 0-0 Qc7 6. Bc2 c4 7. d4 cxd3 8. Qxd3 Nc5 9. Qe3 e5 10. h3 Bd7 11. c4 b5 12. cxb5 Bxb5 13. Re1 Be7 14. Nc3 Bd7 15. Bd2 Qb7 16. b4 Ne6 17. Bb3 Nf4 18. Ne2 Ng6 19. Ng3 0-0 20. Kh2 Rfe8 21. Rad1 h6 22. Qd3 Bb5 23. Qb1 Rac8 24. Nf5 Bf8 25. N5h4 Nxh4 26. Nxh4 Bc4 27. Bc2 Rc7 28. Nf5 Rec8 29. Rc1 Be6 30. Ng3 d5 31. exd5 Qxd5 32. Be3 Qxa2 33. Qxa2 Bxa2 34. Bf5 Rxc1 35. Bxc1 0-1